| Tag |
First Indicator |
Second Indicator |
Subfields |
| LEADER |
00000cam a22000007i 4500 |
| 001 |
in00004787675 |
| 006 |
m o d |
| 007 |
cr ||||||||||| |
| 008 |
240130t20242024gw fod z000 0 ger d |
| 005 |
20240419191248.9 |
| 035 |
|
|
|a (OCoLC)on1419789731
|
| 040 |
|
|
|a DEGRU
|b eng
|e rda
|c DEGRU
|d YDX
|d N$T
|d OCLCO
|
| 019 |
|
|
|a 1420139079
|
| 020 |
|
|
|a 3839470595
|
| 020 |
|
|
|a 9783839470596
|q (electronic bk.)
|
| 024 |
7 |
|
|a 10.1515/9783839470596
|2 doi
|
| 035 |
|
|
|a (OCoLC)1419789731
|z (OCoLC)1420139079
|
| 050 |
|
4 |
|a QA76.9.B45
|
| 072 |
|
7 |
|a SOC026000
|2 bisacsh
|
| 082 |
0 |
4 |
|a 005.7
|2 23/eng/20240305
|
| 049 |
|
|
|a TXAM
|
| 100 |
1 |
|
|a Unternährer, Markus,
|e author.
|4 aut
|4 http://id.loc.gov/vocabulary/relators/aut
|
| 245 |
1 |
0 |
|a Momente der Datafizierung :
|b Zur Produktionsweise von Personendaten in der Datenökonomie /
|c Markus Unternährer.
|
| 264 |
|
1 |
|a Bielefeld :
|b transcript Verlag,
|c [2024]
|
| 264 |
|
4 |
|c 2024
|
| 300 |
|
|
|a 1 online resource (258 p.).
|
| 336 |
|
|
|a text
|b txt
|2 rdacontent
|
| 337 |
|
|
|a computer
|b c
|2 rdamedia
|
| 338 |
|
|
|a online resource
|b cr
|2 rdacarrier
|
| 347 |
|
|
|a text file
|b PDF
|2 rda
|
| 490 |
0 |
|
|a Digitale Soziologie ;
|v 3
|
| 520 |
|
|
|a In der digitalen Ökonomie gelten Daten als »das neue Öl«. Gerade »personal data« ist aber nicht einfach da, sondern muss produziert werden. Markus Unternährer analysiert, wie aus datengenerierenden Beziehungen beziehungsgenerierende Daten werden. Anhand einer Unternehmensethnografie und einer Untersuchung von algorithmischen Empfehlungssystemen legt er die verschiedenen Momente der Datafizierung offen, in denen an sich banale, digitale Verhaltensweisen zu einer wertvollen Ressource umgearbeitet werden - und zeigt, dass Datafizierung zwischen den Wertregimes von Gabe und Ware changiert.
|
| 546 |
|
|
|a In German.
|
| 588 |
0 |
|
|a Description based on online resource; title from PDF title page (publisher's Web site, viewed 30. Jan 2024).
|
| 650 |
|
0 |
|a Big data.
|
| 650 |
|
0 |
|a Economics
|x Data processing.
|
| 650 |
|
4 |
|a Datafizierung.
|
| 650 |
|
4 |
|a Daten.
|
| 650 |
|
4 |
|a Datenökonomie.
|
| 650 |
|
4 |
|a Digitale Medien.
|
| 650 |
|
4 |
|a Digitalisierung.
|
| 650 |
|
4 |
|a Gabe.
|
| 650 |
|
4 |
|a Gesellschaft.
|
| 650 |
|
4 |
|a Markt.
|
| 650 |
|
4 |
|a Mediensoziologie.
|
| 650 |
|
4 |
|a Personendaten.
|
| 650 |
|
4 |
|a Soziologie.
|
| 650 |
|
4 |
|a Techniksoziologie.
|
| 650 |
|
4 |
|a Unternehmen.
|
| 650 |
|
4 |
|a Ware.
|
| 650 |
|
4 |
|a Wirtschaft.
|
| 650 |
|
4 |
|a Wirtschaftssoziologie.
|
| 650 |
|
6 |
|a Données volumineuses.
|
| 650 |
|
6 |
|a Économie politique
|x Informatique.
|
| 650 |
|
7 |
|a SOCIAL SCIENCE / Sociology / General.
|2 bisacsh
|
| 653 |
|
|
|a Data Economy.
|
| 653 |
|
|
|a Data.
|
| 653 |
|
|
|a Datafication.
|
| 653 |
|
|
|a Digital Media.
|
| 653 |
|
|
|a Digitalization.
|
| 653 |
|
|
|a Economic Sociology.
|
| 653 |
|
|
|a Economy.
|
| 653 |
|
|
|a Gift.
|
| 653 |
|
|
|a Market.
|
| 653 |
|
|
|a Personal Data.
|
| 653 |
|
|
|a Society.
|
| 653 |
|
|
|a Sociology of Media.
|
| 653 |
|
|
|a Sociology of Technology.
|
| 653 |
|
|
|a Sociology.
|
| 856 |
4 |
0 |
|u https://www.degruyter.com/openurl?genre=book&isbn=9783839470596
|z Connect to the full text of this electronic book
|t 0
|
| 955 |
|
|
|a De Gruyter Open Access ebooks
|
| 994 |
|
|
|a 92
|b TXA
|
| 999 |
f |
f |
|s fc5a11e2-01bd-4a31-8c09-bcd59cf9604b
|i aa6aca85-fb28-429a-9d29-3988396f3cb2
|t 0
|
| 952 |
f |
f |
|a Texas A&M University
|b College Station
|c Electronic Resources
|d Available Online
|t 0
|e QA76.9.B45
|h Library of Congress classification
|
| 998 |
f |
f |
|a QA76.9.B45
|t 0
|l Available Online
|